000 01334nam a2200409 a 4500
001 000004527
003 DO-SdBNP
005 20180322154246.0
007 000004527
008 090723s2010 dr a 000 p spa d
020 _a9789945429244
040 _aBPMET
_bspa
_cBPMET
041 1 _aspa
_heng
092 _aRD861.44
_bS669sa
100 1 _aSánchez Beras, César,
_d1962-
245 1 3 _aEl sapito azul =
_bThe Little Blue Frog /
_cCésar Sánchez Beras ; traducción Rhina P. Espaillat ; ilustración Baltazar Alí
246 3 1 _aThe Little Blue Frog
260 _aSanto Domingo :
_bAfaguara
_c2010
300 _a57 p. ;
_bil.,
_c22 cm.
490 _aAlfaguara infantil
546 _aTexto en español y español
650 4 _aPOESÍA INFANTIL DOMINICANA
650 4 _aLITERATURA INFANTIL DOMINICANA
700 1 _aEspaillat, Rhina P.,
_etr.
700 1 _aAlí, Baltazar
_eil.
830 _pAlfaguara infantil
900 _6Reusar registro fue sacado de la base
910 _aValidado. Control de calidad BNPHU
930 1 _l
_m
_h
_8
_f
_p
930 1 _l
_m
_h
_8
_f
_p
_h
942 _2ddc
_cBK
945 _aRemanejado para la BNPHU / 2018 VM
956 _a
_b
_c
_l
_h
956 _a
_b
_c
_l
_h
956 _aMMOLINA
_b40
_c20110715
_lBND01
_h1410
956 _aVMATEO
_b10
_c20150505
_lBPMSU
_h0069
999 _c7775
_d7775